[Event "C.to Italiano Semifinale"]
[Site "Porto San Giorgio ITA"]
[Date "2015.07.17"]
[Round "8"]
[White "Dappiano, Andrea"]
[Black "Zamengo, Fulvio"]
[WhiteElo "2204"]
[BlackElo "2288"]
[Result "0-1"]
[PlyCount "84"]
[EventDate "2015.07.11"]

1. e4 c5 2. Nc3 Nc6 3. g3 g6 4. Bg2 Bg7 5. d3 d6 6. Be3 Nf6 7. h3 Rb8 8. f4 O-O
9. Nf3 b5 10. O-O Nd7 11. Rb1 b4 12. Ne2 Qa5 13. Nd2 Bb7 14. Nc4 Qc7 15. g4 Nd4
16. f5 Nxe2+ 17. Qxe2 Nb6 18. g5 Bd4 19. f6 Rbe8 20. Bxd4 cxd4 21. Nxb6 axb6
22. Qf2 exf6 23. gxf6 Re5 24. Qxd4 Qxc2 25. Rbc1 Qd2 26. Qf2 Qxf2+ 27. Rxf2 Rc5
28. Rc4 Rxc4 29. dxc4 Re8 30. Rd2 Re6 31. e5 Bxg2 32. Kxg2 Kf8 33. Rxd6 Rxd6
34. exd6 Ke8 35. Kf3 Kd7 36. Ke4 Kxd6 37. Kd4 h6 38. h4 Kc6 39. Ke5 Kc5 40. b3
Kc6 41. Ke4 Kd6 42. Kd4 g5 0-1

[Event "C.to Italiano Semifinale"]
[Site "Porto San Giorgio ITA"]
[Date "2015.07.17"]
[Round "8"]
[White "Gilevych, Artem"]
[Black "Contin, Daniel"]
[WhiteElo "2407"]
[BlackElo "2296"]
[Result "1-0"]
[PlyCount "33"]
[EventDate "2015.07.11"]

1. d4 Nf6 2. c4 e6 3. Nc3 Bb4 4. e3 b6 5. Bd3 Bb7 6. Nge2 Bxg2 7. Rg1 Be4 8. a3
Bxc3+ 9. Nxc3 Bxd3 10. Qxd3 O-O 11. e4 d6 12. Bg5 Nc6 13. O-O-O Kh8 14. Qf3 h6
15. Qh3 e5 16. Bxh6 Qd7 17. Bxg7+ 1-0

[Event "C.to Italiano Semifinale"]
[Site "Porto San Giorgio ITA"]
[Date "2015.07.17"]
[Round "8"]
[White "Pescatore, Lorenzo"]
[Black "Luciani, Valerio"]
[WhiteElo "2267"]
[BlackElo "2214"]
[Result "1/2-1/2"]
[PlyCount "113"]
[EventDate "2015.07.11"]

1. e4 e6 2. d4 d5 3. Nc3 Bb4 4. e5 c5 5. Bd2 Ne7 6. Nb5 Bxd2+ 7. Qxd2 O-O 8. f4
cxd4 9. Nf3 Nbc6 10. Bd3 Qa5 11. Nbxd4 Qxd2+ 12. Kxd2 Bd7 13. c3 a6 14. Rhf1
Nxd4 15. Nxd4 Nc6 16. b4 Rfc8 17. Nb3 b6 18. a4 a5 19. Bb5 f6 20. Rfe1 fxe5 21.
fxe5 Kf7 22. Rab1 axb4 23. cxb4 Ke7 24. Bxc6 Bxc6 25. a5 bxa5 26. Nxa5 Bd7 27.
Rbc1 Rcb8 28. Rb1 Rb5 29. Rec1 Rab8 30. Kc3 d4+ 31. Kxd4 Rxb4+ 32. Rxb4 Rxb4+
33. Nc4 Ra4 34. Ke3 Bc6 35. g3 Ra2 36. Nd2 Bd5 37. Rc7+ Kf8 38. Rd7 h6 39. Rc7
Ra1 40. Kf2 Rd1 41. Nf1 Rd4 42. Rc3 Kf7 43. Ne3 Rd2+ 44. Ke1 Rxh2 45. Rc7+ Kg6
46. Nxd5 exd5 47. e6 Rh5 48. e7 Re5+ 49. Kf2 Kf6 50. Rd7 Kf7 51. e8=Q+ Kxe8 52.
Rxg7 h5 53. Kf3 Rf5+ 54. Ke3 Kf8 55. Rd7 Rg5 56. Kf4 Rg4+ 57. Kf3 1/2-1/2

[Event "C.to Italiano Semifinale"]
[Site "Porto San Giorgio ITA"]
[Date "2015.07.17"]
[Round "8"]
[White "Rago, Riccardo"]
[Black "Vezzosi, Paolo"]
[WhiteElo "2064"]
[BlackElo "2349"]
[Result "0-1"]
[PlyCount "82"]
[EventDate "2015.07.11"]

1. e4 c5 2. Nf3 Nc6 3. d4 cxd4 4. Nxd4 Qc7 5. Nc3 e6 6. Be3 Nf6 7. a3 Be7 8. g4
h5 9. gxh5 Rxh5 10. h3 a6 11. Bg2 Ne5 12. Bf4 d6 13. Nde2 Bd7 14. Qd4 Rc8 15.
Rd1 b5 16. Bc1 Ng6 17. Ng3 Rh8 18. Qe3 Nh4 19. Bf1 Qc5 20. Qd3 Ng6 21. f4 Rh4
22. Qf3 Qb6 23. Be3 Qb7 24. Nge2 a5 25. b4 axb4 26. axb4 d5 27. exd5 Bxb4 28.
Bd2 exd5 29. Bg2 Bxc3 30. Bxc3 Ne4 31. Bxg7 Rh7 32. Bd4 Nh4 33. Qf1 Rxc2 34.
Rg1 Bf5 35. Bh1 Qa6 36. Rg8+ Ke7 37. Qg1 b4 38. Qe3 Rh6 39. Ra1 Ra2 40. Rc1 Rc6
41. Bxe4 Rxe2+ 0-1

[Event "C.to Italiano Semifinale"]
[Site "Porto San Giorgio ITA"]
[Date "2015.07.17"]
[Round "8"]
[White "Sedina, Elena"]
[Black "Rombaldoni, Denis"]
[WhiteElo "2319"]
[BlackElo "2478"]
[Result "0-1"]
[PlyCount "92"]
[EventDate "2015.07.11"]

1. e4 d6 2. d4 Nf6 3. Nc3 g6 4. Be3 a6 5. h3 b5 6. e5 dxe5 7. dxe5 Qxd1+ 8.
Rxd1 Nfd7 9. Nd5 Kd8 10. e6 fxe6 11. Nf4 Bb7 12. Nxe6+ Kc8 13. Nf3 Bxf3 14.
gxf3 Rg8 15. h4 Bg7 16. Nxg7 Rxg7 17. Bh3 e5 18. f4 e4 19. f5 Kb7 20. Bd4 Rf7
21. fxg6 hxg6 22. Rg1 Rh7 23. Rg4 g5 24. Bg2 Rxh4 25. Rxe4 Rxe4+ 26. Bxe4+ Nc6
27. Be3 Re8 28. Bg2 Nde5 29. Kf1 g4 30. Bf4 Nf3 31. c3 Re4 32. Bg3 Nce5 33.
Bxf3 Nxf3 34. b3 a5 35. a3 a4 36. bxa4 bxa4 37. Kg2 Re1 38. Rxe1 Nxe1+ 39. Kf1
Nc2 40. Ke2 Nxa3 41. Kd3 Nb5 42. Kc4 Kb6 43. Kb4 c5+ 44. Kxa4 Nxc3+ 45. Kb3 Ne4
46. Bh4 Kb5 0-1

[Event "C.to Italiano Semifinale"]
[Site "Porto San Giorgio ITA"]
[Date "2015.07.17"]
[Round "8"]
[White "Valsecchi, Alessio"]
[Black "Corvi, Marco"]
[WhiteElo "2457"]
[BlackElo "2300"]
[Result "1/2-1/2"]
[PlyCount "78"]
[EventDate "2015.07.11"]

1. e4 Nf6 2. e5 Nd5 3. c4 Nb6 4. c5 Nd5 5. Bc4 e6 6. d4 d6 7. cxd6 cxd6 8. Nf3
Nc6 9. O-O dxe5 10. dxe5 Nb6 11. Qxd8+ Nxd8 12. Bb5+ Bd7 13. Bxd7+ Nxd7 14. Nc3
Nc6 15. Bf4 h6 16. Nb5 Rc8 17. Rac1 g5 18. Be3 a6 19. Na7 Nxa7 20. Bxa7 Rxc1
21. Rxc1 g4 22. Nd2 Bg7 23. Rc7 Nxe5 24. Bc5 Kd8 25. Bd6 b5 26. b3 Nd7 27. Ra7
Kc8 28. Rc7+ Kd8 29. Ra7 Kc8 30. b4 Bd4 31. Rc7+ Kd8 32. Nb3 Bb6 33. Rc6 Rg8
34. Nc5 Bxc5 35. bxc5 Rg5 36. Bc7+ Ke7 37. Bd6+ Kd8 38. Bc7+ Ke7 39. Bd6+ Kd8
1/2-1/2

[Event "C.to Italiano Semifinale"]
[Site "Porto San Giorgio ITA"]
[Date "2015.07.18"]
[Round "9"]
[White "Bove, Alessandro"]
[Black "Ortega, Lexy"]
[WhiteElo "2322"]
[BlackElo "2481"]
[Result "1/2-1/2"]
[PlyCount "131"]
[EventDate "2015.07.11"]

1. e4 c5 2. Nf3 e6 3. Qe2 b6 4. g3 Bb7 5. Bg2 d6 6. O-O Nf6 7. d3 Be7 8. a3 O-O
9. Re1 Nc6 10. c3 Rc8 11. b4 Ne5 12. Nxe5 dxe5 13. c4 cxb4 14. Bb2 Nd7 15. Rf1
a5 16. axb4 Bxb4 17. Na3 Qe7 18. Nc2 Bc5 19. Kh1 f6 20. f4 Qd6 21. f5 exf5 22.
Rxf5 Rcd8 23. Rf3 Rf7 24. Bh3 Nf8 25. Na3 Bc6 26. Nb1 Bb4 27. Nc3 Bxc3 28. Bxc3
Bd7 29. Bxd7 Rfxd7 30. Rb1 Ne6 31. Qb2 Nc5 32. Qb5 Qe7 33. Kg2 Rxd3 34. Rxd3
Rxd3 35. Be1 Nd7 36. c5 Nxc5 37. Qxb6 h6 38. Qxa5 Ne6 39. Qa6 Rd7 40. Rb8+ Kh7
41. Bb4 Qf7 42. h4 Ra7 43. Qc8 h5 44. Be1 Qd7 45. Qxd7 Rxd7 46. Bf2 Rd3 47. Rb6
Nd8 48. Kf1 Rc3 49. Ke2 Rc2+ 50. Kf3 Nc6 51. Rb5 Rc3+ 52. Ke2 Nd4+ 53. Bxd4
exd4 54. Rxh5+ Kg6 55. Rd5 Rxg3 56. Rxd4 Kh5 57. e5 fxe5 58. Re4 Rg4 59. Rxe5+
Kxh4 60. Kf2 g5 61. Re1 Ra4 62. Kg2 Ra2+ 63. Kg1 g4 64. Rb1 Kh3 65. Rb3+ g3 66.
Rb1 1/2-1/2

[Event "C.to Italiano Semifinale"]
[Site "Porto San Giorgio ITA"]
[Date "2015.07.18"]
[Round "9"]
[White "Corvi, Marco"]
[Black "Bellia, Fabrizio"]
[WhiteElo "2300"]
[BlackElo "2461"]
[Result "0-1"]
[PlyCount "138"]
[EventDate "2015.07.11"]

1. c4 e5 2. Nc3 Nf6 3. Nf3 Nc6 4. g3 d5 5. cxd5 Nxd5 6. Bg2 Nb6 7. O-O Be7 8.
d3 O-O 9. a3 Be6 10. b4 f6 11. Bb2 Qe8 12. Nd2 a5 13. b5 Na7 14. Bxb7 Rb8 15.
Bg2 Nxb5 16. a4 Na7 17. f4 exf4 18. gxf4 Qd7 19. Kh1 Nd5 20. f5 Bf7 21. Nxd5
Bxd5 22. Qc2 Bxg2+ 23. Kxg2 Bd6 24. Ne4 Nc6 25. Bc3 Ne7 26. Qa2+ Kh8 27. Qe6
Qxe6 28. fxe6 Nd5 29. Nxd6 cxd6 30. Rfc1 Nxc3 31. Rxc3 Rfe8 32. Kf3 h5 33. Rac1
Kh7 34. Rc7 Rxe6 35. Ra7 Re5 36. h4 Rf5+ 37. Kg3 Kh6 38. Rcc7 Rg8 39. e4 Rf1
40. Rxa5 g5 41. hxg5+ fxg5 42. Rd7 h4+ 43. Kg2 Rgf8 44. Rxd6+ Kh5 45. Rf5 R8xf5
46. exf5 Rxf5 47. Rb6 Rf4 48. a5 Ra4 49. a6 Kg4 50. Kf2 h3 51. Rb3 Ra2+ 52. Kg1
Rxa6 53. d4 Ra1+ 54. Kh2 Ra2+ 55. Kh1 Rd2 56. Rb4 Kg3 57. Rb3+ Kh4 58. Rb4 g4
59. d5 Rxd5 60. Kh2 Rd2+ 61. Kh1 Re2 62. Ra4 Kg3 63. Ra3+ Kf4 64. Ra4+ Kf3 65.
Ra3+ Re3 66. Ra1 g3 67. Rb1 Rd3 68. Re1 Kf2 69. Rf1+ Ke2 0-1

[Event "C.to Italiano Semifinale"]
[Site "Porto San Giorgio ITA"]
[Date "2015.07.18"]
[Round "9"]
[White "Genocchio, Daniele"]
[Black "Valsecchi, Alessio"]
[WhiteElo "2423"]
[BlackElo "2457"]
[Result "0-1"]
[PlyCount "70"]
[EventDate "2015.07.11"]

1. e4 c6 2. Nc3 d5 3. d4 dxe4 4. Nxe4 Nf6 5. Nxf6+ exf6 6. c3 Bd6 7. Bd3 O-O 8.
Ne2 Re8 9. Qc2 g6 10. Bh6 Qa5 11. h4 Qh5 12. Be3 Na6 13. O-O-O Bg4 14. Qd2 Qa5
15. Kb1 Bf5 16. h5 Qd5 17. hxg6 fxg6 18. Ka1 b5 19. Bxf5 Qxf5 20. d5 c5 21. Rh3
Rad8 22. Rdh1 Rd7 23. Bf4 Bf8 24. d6 Nc7 25. Nd4 cxd4 26. dxc7 g5 27. Bh2 Qe4
28. Re3 dxe3 29. Qxd7 exf2 30. a3 Qe1+ 31. Ka2 Qxh1 32. Qxe8 f1=Q 33. Qxf8+
Kxf8 34. c8=Q+ Kg7 35. Qd7+ Kh6 0-1

[Event "C.to Italiano Semifinale"]
[Site "Porto San Giorgio ITA"]
[Date "2015.07.18"]
[Round "9"]
[White "Luciani, Valerio"]
[Black "Contin, Daniel"]
[WhiteElo "2214"]
[BlackElo "2296"]
[Result "1-0"]
[PlyCount "85"]
[EventDate "2015.07.11"]

1. d4 Nf6 2. c4 g6 3. Nc3 Bg7 4. Nf3 O-O 5. e4 d6 6. Be2 Nc6 7. O-O e5 8. d5
Ne7 9. Ne1 Ne8 10. Be3 f5 11. f3 f4 12. Bf2 g5 13. b4 Rf7 14. c5 Nf6 15. a4 h5
16. a5 g4 17. cxd6 cxd6 18. Nb5 g3 19. Bxa7 Ng6 20. Bb6 Qe7 21. Nc7 Nd7 22. Ne6
Nxb6 23. axb6 Rxa1 24. Qxa1 Nf8 25. Bc4 Nxe6 26. dxe6 Bxe6 27. Qa2 Bxc4 28.
Qxc4 Qd8 29. Qb5 gxh2+ 30. Kh1 Qg5 31. Nd3 Bf8 32. Qd5 Qg6 33. Rc1 Kh7 34. Rc7
Be7 35. Qxb7 Rg7 36. Rc2 h4 37. Qc8 Rg8 38. b7 d5 39. b8=Q Rxc8 40. Rxc8 Bf6
41. Rc7+ Bg7 42. Qb7 h3 43. Rxg7+ 1-0

[Event "C.to Italiano Semifinale"]
[Site "Porto San Giorgio ITA"]
[Date "2015.07.18"]
[Round "9"]
[White "Mariano, Elia"]
[Black "Pescatore, Lorenzo"]
[WhiteElo "2210"]
[BlackElo "2267"]
[Result "1/2-1/2"]
[PlyCount "64"]
[EventDate "2015.07.11"]

1. d4 Nf6 2. c4 e6 3. g3 Bb4+ 4. Bd2 Qe7 5. Bg2 Bxd2+ 6. Qxd2 d6 7. Nc3 e5 8.
Nd5 Nxd5 9. cxd5 O-O 10. Rc1 exd4 11. Nf3 d3 12. Qxd3 Na6 13. O-O Nc5 14. Qc2
a5 15. Rfe1 f5 16. Nd4 f4 17. e4 Qf6 18. e5 dxe5 19. Qxc5 exd4 20. Qe7 fxg3 21.
fxg3 Bg4 22. Qxf6 Rxf6 23. Re4 h5 24. Rxd4 Re8 25. Re4 Rxe4 26. Bxe4 Bh3 27.
Bg2 Bxg2 28. Kxg2 Rf7 29. h4 Rd7 30. Kf3 Rxd5 31. Rxc7 Rb5 32. b3 b6 1/2-1/2

[Event "C.to Italiano Semifinale"]
[Site "Porto San Giorgio ITA"]
[Date "2015.07.18"]
[Round "9"]
[White "Marzaduri, Riccardo"]
[Black "Barp, Alberto"]
[WhiteElo "2163"]
[BlackElo "2222"]
[Result "1/2-1/2"]
[PlyCount "27"]
[EventDate "2015.07.11"]

1. e4 c6 2. d4 d5 3. Nc3 dxe4 4. Nxe4 Bf5 5. Ng3 Bg6 6. h4 h6 7. Nh3 e6 8. Nf4
Bh7 9. Bc4 Nf6 10. c3 Nd5 11. Qg4 Nxf4 12. Bxf4 Nd7 13. Nh5 Rg8 14. O-O-O
1/2-1/2

[Event "C.to Italiano Semifinale"]
[Site "Porto San Giorgio ITA"]
[Date "2015.07.18"]
[Round "9"]
[White "Massironi, Marco"]
[Black "Cocchi, Andrea"]
[WhiteElo "2263"]
[BlackElo "2282"]
[Result "1-0"]
[PlyCount "67"]
[EventDate "2015.07.11"]

1. e4 d6 2. d4 Nf6 3. Nc3 g6 4. Bg5 Bg7 5. Qd2 h6 6. Bh4 g5 7. Bg3 Nh5 8. O-O-O
Nc6 9. Qe3 e5 10. dxe5 Nxe5 11. Be2 Nxg3 12. hxg3 Be6 13. f4 Nc4 14. Bxc4 Bxc4
15. e5 Qd7 16. exd6+ Kf8 17. Qc5 Qc6 18. Qxc6 bxc6 19. d7 Ke7 20. Nf3 Rhd8 21.
Rhe1+ Kf8 22. Ne4 Rab8 23. b3 Bd5 24. c4 Be6 25. Nc5 Bg4 26. Rd3 Bf5 27. Rdd1
Bc3 28. Re5 Bg4 29. Rd3 Bb4 30. f5 Bxc5 31. Rxc5 Bxf3 32. gxf3 Ke7 33. f6+ Kxf6
34. Rxc6+ 1-0

[Event "C.to Italiano Semifinale"]
[Site "Porto San Giorgio ITA"]
[Date "2015.07.18"]
[Round "9"]
[White "Rombaldoni, Denis"]
[Black "Gilevych, Artem"]
[WhiteElo "2478"]
[BlackElo "2407"]
[Result "1/2-1/2"]
[PlyCount "130"]
[EventDate "2015.07.11"]

1. Nf3 Nf6 2. g3 d5 3. Bg2 g6 4. b3 Bg7 5. Bb2 O-O 6. c4 c6 7. O-O Bg4 8. d3
Bxf3 9. Bxf3 Nbd7 10. cxd5 cxd5 11. Nc3 Ne5 12. Bg2 Nc6 13. Qd2 Qd7 14. Rfc1
Rac8 15. Na4 b6 16. Rc2 Rfd8 17. Rac1 e6 18. h4 Ne8 19. Bxg7 Nxg7 20. d4 Ne7
21. Nc3 Nef5 22. e3 Nd6 23. Bf1 Qb7 24. Bd3 Re8 25. Qe2 Rcd8 26. Ba6 Qb8 27.
Nb5 Ngf5 28. Rc7 Re7 29. Qc2 Nxb5 30. Bxb5 a5 31. Rc8 Rxc8 32. Qxc8+ Qxc8 33.
Rxc8+ Kg7 34. Rb8 e5 35. dxe5 Rxe5 36. Rxb6 d4 37. exd4 Nxd4 38. Bc4 Nf3+ 39.
Kg2 Nd2 40. Ba6 Ne4 41. Rb5 Rxb5 42. Bxb5 Nc3 43. a4 f5 44. Kf3 Kf6 45. Ke3
Nd1+ 46. Ke2 Nc3+ 47. Kd3 Ne4 48. b4 axb4 49. f3 Nd6 50. Kc2 h5 51. Kb3 g5 52.
hxg5+ Kxg5 53. f4+ Kg4 54. Kxb4 Kxg3 55. a5 h4 56. a6 Nc8 57. Bd7 Na7 58. Kc5
h3 59. Bxf5 h2 60. Be4 Kxf4 61. Bh1 Kg3 62. Kb6 Nc8+ 63. Kb7 Nd6+ 64. Kc7 Nb5+
65. Kb6 Nd6 1/2-1/2

[Event "C.to Italiano Semifinale"]
[Site "Porto San Giorgio ITA"]
[Date "2015.07.18"]
[Round "9"]
[White "Seresin, Francesco"]
[Black "Calavalle, Giulio"]
[WhiteElo "2128"]
[BlackElo "2276"]
[Result "0-1"]
[PlyCount "108"]
[EventDate "2015.07.11"]

1. d4 Nf6 2. c4 e6 3. Nc3 Bb4 4. e3 c5 5. Nf3 O-O 6. Bd3 d5 7. O-O b6 8. cxd5
exd5 9. Qc2 c4 10. Bf5 Nc6 11. Ne5 Bxf5 12. Qxf5 Qc8 13. Qxc8 Rfxc8 14. Nxc6
Rxc6 15. f3 Rb8 16. a4 a6 17. Bd2 h6 18. Rfe1 b5 19. axb5 axb5 20. g3 Rcc8 21.
Rec1 Ra8 22. Kf2 Be7 23. Rxa8 Rxa8 24. Nxb5 Rb8 25. Nc3 Rxb2 26. Ke2 Bb4 27.
Kd1 g5 28. g4 Bxc3 29. Rxc3 Ra2 30. Rc2 Ra1+ 31. Rc1 Ra8 32. Bb4 Kg7 33. Bd6
Nd7 34. e4 Ra6 35. Bg3 Nf6 36. Be5 Kg6 37. Bxf6 Rxf6 38. Ke2 dxe4 39. fxe4 Rf4
40. Rxc4 Rxg4 41. Kf3 Rf4+ 42. Ke3 Rh4 43. d5 Rh3+ 44. Kd4 Rxh2 45. Ke5 Rd2 46.
Rc6+ Kg7 47. Kf5 Rf2+ 48. Ke5 g4 49. d6 g3 50. d7 g2 51. Rc1 Rf1 52. d8=Q Rxc1
53. Qf6+ Kg8 54. Qd8+ Kh7 0-1

[Event "C.to Italiano Semifinale"]
[Site "Porto San Giorgio ITA"]
[Date "2015.07.18"]
[Round "9"]
[White "Vezzosi, Paolo"]
[Black "Dappiano, Andrea"]
[WhiteElo "2349"]
[BlackElo "2204"]
[Result "1-0"]
[PlyCount "79"]
[EventDate "2015.07.11"]

1. Nf3 e6 2. c4 c5 3. Nc3 Nf6 4. g3 b6 5. Bg2 Bb7 6. O-O Be7 7. d4 cxd4 8. Qxd4
O-O 9. Rd1 d6 10. Bg5 Nbd7 11. Nd2 Bxg2 12. Kxg2 h6 13. Be3 Qc7 14. Rac1 Rfd8
15. Nde4 Qb7 16. f3 Nxe4 17. Qxe4 Qxe4 18. Nxe4 Nf6 19. Nxf6+ Bxf6 20. b3 Kf8
21. Rd3 Ke7 22. Rcd1 Bb2 23. Rb1 Bf6 24. Bd2 Kd7 25. e4 Kc6 26. a4 a6 27. Bb4
Rd7 28. f4 Rad8 29. Kf3 b5 30. cxb5+ axb5 31. Rc1+ Kb6 32. a5+ Kb7 33. Rcd1 Kc6
34. a6 Kb6 35. e5 Be7 36. exd6 Bf8 37. Ra1 Ra8 38. Rc3 Rxa6 39. Rxa6+ Kxa6 40.
Rc8 1-0

[Event "C.to Italiano Semifinale"]
[Site "Porto San Giorgio ITA"]
[Date "2015.07.18"]
[Round "9"]
[White "Zamengo, Fulvio"]
[Black "Bruno, Fabio"]
[WhiteElo "2288"]
[BlackElo "2427"]
[Result "1/2-1/2"]
[PlyCount "116"]
[EventDate "2015.07.11"]

1. e4 c5 2. Nf3 e6 3. c4 a6 4. Nc3 Qc7 5. g3 Nc6 6. Bg2 Nd4 7. O-O g6 8. d3 Bg7
9. Rb1 Ne7 10. Nxd4 cxd4 11. Ne2 O-O 12. f4 d6 13. b3 Bd7 14. Bb2 e5 15. Rf2 a5
16. Qf1 a4 17. f5 f6 18. Bc1 axb3 19. axb3 Ra2 20. g4 g5 21. Ng3 Rfa8 22. Qd1
Rxf2 23. Kxf2 Ra2+ 24. Bd2 Qa5 25. Ke1 Qa6 26. Qc1 Nc6 27. Bf3 h6 28. Bd1 Nd8
29. b4 Ba4 30. b5 Qa7 31. Ra1 Bxd1 32. Rxa2 Qxa2 33. Kxd1 Bf8 34. Ne2 Be7 35.
Qc2 Qxc2+ 36. Kxc2 Nf7 37. Nc1 Bd8 38. Bb4 b6 39. Be1 Kg7 40. Kd1 Kf8 41. Na2
Ke7 42. Nb4 Kd7 43. h4 Ke8 44. h5 Kd7 45. Kc2 Kc8 46. Kb3 Kd7 47. Nd5 Kc8 48.
Ka4 Kb7 49. Bb4 Ka7 50. Ba3 Kb7 51. Kb3 Kc8 52. Nb4 Kd7 53. Bc1 Bc7 54. Bd2 Bd8
55. Ka4 Kc8 56. Nc6 Kd7 57. Nb4 Kc8 58. Nd5 Kb7 1/2-1/2

[Event "XXVI Weekend Magistrale"]
[Site "Robecchetto con Induno ITA"]
[Date "2015.07.24"]
[Round "1"]
[White "Balzan, Marco"]
[Black "Montilli, Vincenzo"]
[WhiteElo "1969"]
[BlackElo "2161"]
[Result "0-1"]
[PlyCount "66"]
[EventDate "2015.07.24"]

1. e4 e6 2. d4 d5 3. e5 c5 4. c3 Qb6 5. Nf3 Nc6 6. Bd3 Bd7 7. O-O cxd4 8. cxd4
Nb4 9. Be2 Bb5 10. Nc3 Bxe2 11. Qxe2 a6 12. Be3 Ne7 13. Nh4 Ng6 14. Nxg6 hxg6
15. f4 Be7 16. Rac1 Nc6 17. Rfd1 Na5 18. b3 Ba3 19. Rc2 Rc8 20. Qg4 Qd8 21. Qf3
Nc6 22. Bc1 Be7 23. Bb2 b5 24. Ne2 Nxe5 25. fxe5 Rxc2 26. Bc1 Qc7 27. Rf1 O-O
28. Be3 Rxa2 29. Qg4 Qc2 30. Nf4 Qe4 31. Qh3 g5 32. Nh5 g4 33. Qg3 Bh4 0-1

[Event "XXVI Weekend Magistrale"]
[Site "Robecchetto con Induno ITA"]
[Date "2015.07.24"]
[Round "1"]
[White "Barlocco, Carlo"]
[Black "Nepi, Ezio"]
[WhiteElo "2062"]
[BlackElo "1921"]
[Result "1-0"]
[PlyCount "91"]
[EventDate "2015.07.24"]

1. Nc3 c5 2. e4 Nc6 3. Bb5 Nd4 4. Nge2 a6 5. Bc4 e6 6. a4 Nf6 7. d3 b6 8. Nxd4
cxd4 9. Ne2 Bc5 10. O-O Bb7 11. Bg5 d5 12. exd5 Bxd5 13. Bxd5 Qxd5 14. Qd2 h6
15. Bh4 Be7 16. Rfe1 O-O 17. f3 b5 18. axb5 axb5 19. Ra5 Rxa5 20. Qxa5 Qc5 21.
Rc1 Qe5 22. Qd2 Bc5 23. Bf2 Ra8 24. Ng3 Ra2 25. Rb1 Nd5 26. Ne4 Bb6 27. Qc1 f5
28. Bg3 f4 29. Bf2 Qc7 30. Be1 e5 31. Bd2 Ne3 32. Bxe3 dxe3 33. Nc3 Ra5 34. Ne2
b4 35. c3 Ra2 36. Qc2 bxc3 37. Qb3+ Kh7 38. Qxa2 c2 39. Rc1 Qd6 40. Qb3 e4 41.
dxe4 Qd2 42. Qxc2 h5 43. Kf1 Qa5 44. e5+ Kh6 45. Qf5 Bd8 46. Qxf4+ 1-0

[Event "XXVI Weekend Magistrale"]
[Site "Robecchetto con Induno ITA"]
[Date "2015.07.24"]
[Round "1"]
[White "Bianchi, Alberto"]
[Black "Guidi, Maurizio"]
[WhiteElo "1876"]
[BlackElo "2015"]
[Result "0-1"]
[PlyCount "71"]
[EventDate "2015.07.24"]

1. Nf3 Nf6 2. g3 d5 3. Bg2 c5 4. O-O Nc6 5. d4 e6 6. Nc3 Be7 7. b3 O-O 8. Bb2
b6 9. Re1 Bb7 10. e3 Rc8 11. a3 Qc7 12. Rc1 Rfd8 13. Ne2 Qb8 14. Nf4 a5 15. c3
Ne4 16. Nd2 Nxd2 17. Qxd2 a4 18. b4 cxb4 19. cxb4 Na7 20. Bf1 Bc6 21. Qd1 Be8
22. Qg4 Nb5 23. Nxe6 fxe6 24. Qxe6+ Kf8 25. Qf5+ Bf6 26. Qxh7 Nd6 27. Bd3 Rxc1
28. Bxc1 Nf7 29. h4 Qc8 30. Bd2 Qe6 31. Bf5 Qd6 32. Bc2 Bd7 33. Qd3 Rc8 34. Rc1
b5 35. Bb1 Rxc1+ 36. Bxc1 0-1

[Event "XXVI Weekend Magistrale"]
[Site "Robecchetto con Induno ITA"]
[Date "2015.07.24"]
[Round "1"]
[White "Boschetti, Claudio"]
[Black "Troiani, Mauro"]
[WhiteElo "2140"]
[BlackElo "1966"]
[Result "1-0"]
[PlyCount "61"]
[EventDate "2015.07.24"]

1. e4 c5 2. Nf3 d6 3. c3 Nf6 4. Bc4 Nc6 5. Qe2 Bg4 6. d3 e6 7. h3 Bxf3 8. gxf3
Qa5 9. Nd2 b5 10. Bb3 O-O-O 11. f4 d5 12. e5 Nd7 13. Nf3 c4 14. dxc4 dxc4 15.
Bc2 Nc5 16. O-O Nd3 17. Qe4 Qc7 18. a4 Nc5 19. Qe2 a6 20. axb5 axb5 21. Be3 Be7
22. Nd4 Nxd4 23. cxd4 Nd7 24. Be4 Nb6 25. Ra6 Kd7 26. d5 Bc5 27. d6 Qc8 28.
Rxb6 Bxb6 29. Bxb6 Rdg8 30. Qh5 g6 31. Qg5 1-0

[Event "XXVI Weekend Magistrale"]
[Site "Robecchetto con Induno ITA"]
[Date "2015.07.24"]
[Round "1"]
[White "Brugo, Marco"]
[Black "Roth, Antoine"]
[WhiteElo "2094"]
[BlackElo "1923"]
[Result "0-1"]
[PlyCount "74"]
[EventDate "2015.07.24"]

1. d4 d5 2. c4 e6 3. Nc3 c5 4. cxd5 exd5 5. Nf3 Nc6 6. Bg5 f6 7. Bf4 Bf5 8. e3
c4 9. Nh4 Be6 10. Nf3 Bb4 11. Be2 Nge7 12. O-O O-O 13. Ne1 Qa5 14. Nb1 Rfd8 15.
Nc2 Bd6 16. Bxd6 Rxd6 17. Qd2 Qxd2 18. Nxd2 b5 19. f3 Bf5 20. Rfc1 Bxc2 21.
Rxc2 Nf5 22. Kf2 Re8 23. Nf1 Rde6 24. Rc3 Ncxd4 25. Bd1 b4 26. exd4 bxc3 27.
bxc3 Rb8 28. Rc1 Rb2+ 29. Rc2 Reb6 30. g4 Rxc2+ 31. Bxc2 Rb2 32. gxf5 Rxc2+ 33.
Ke3 Rxa2 34. Nd2 Rb2 35. h4 a5 36. h5 a4 37. h6 a3 0-1

[Event "XXVI Weekend Magistrale"]
[Site "Robecchetto con Induno ITA"]
[Date "2015.07.24"]
[Round "1"]
[White "Cavallini, Gianfranco"]
[Black "Balzan, Alessandro"]
[WhiteElo "2102"]
[BlackElo "1955"]
[Result "1-0"]
[PlyCount "121"]
[EventDate "2015.07.24"]

1. b3 d5 2. Bb2 Nf6 3. e3 e6 4. Nf3 Be7 5. Ne5 Nbd7 6. f4 O-O 7. Bd3 Nc5 8. O-O
Nxd3 9. cxd3 Bd7 10. Nc3 c5 11. Qf3 Rc8 12. g4 Bc6 13. f5 d4 14. Nxc6 Rxc6 15.
Ne2 dxe3 16. g5 Ne8 17. f6 gxf6 18. gxf6 Bd6 19. dxe3 Kh8 20. Qh5 Rg8+ 21. Kh1
Rg6 22. Rf3 Bf8 23. Nf4 Qd7 24. Nxg6+ fxg6 25. f7+ Ng7 26. Qxg6 e5 27. Qe4 Re6
28. Rg1 Re7 29. Rf6 Rxf7 30. Rh6 Qf5 31. Bxe5 Qxe4+ 32. dxe4 Re7 33. Ba1 Rxe4
34. Rh3 Re7 35. Rf3 Kg8 36. Rd1 Ne6 37. Rd6 Bg7 38. Rg3 Kf7 39. Bxg7 Nxg7 40.
Rf3+ Ke8 41. Kg2 Re5 42. Rh6 Nf5 43. Rxh7 Nxe3+ 44. Kf2 Nd1+ 45. Kg3 Rg5+ 46.
Kf4 Rg2 47. h3 Rxa2 48. Rxb7 Ra6 49. Rd3 Nf2 50. Re3+ Kd8 51. Kg3 Nd1 52. Rd3+
Kc8 53. Rb5 Rg6+ 54. Kf3 Rf6+ 55. Ke2 Nf2 56. Rxc5+ Kb7 57. Re3 Rf4 58. Rc4 Rf7
59. Rc1 Rf4 60. Rf1 Nxh3 61. Rxh3 1-0

[Event "XXVI Weekend Magistrale"]
[Site "Robecchetto con Induno ITA"]
[Date "2015.07.24"]
[Round "1"]
[White "Cereda, Loris"]
[Black "Tarelli, Daniele"]
[WhiteElo "2225"]
[BlackElo "1975"]
[Result "1-0"]
[PlyCount "121"]
[EventDate "2015.07.24"]

1. e4 e6 2. d4 d5 3. exd5 exd5 4. Nf3 Bd6 5. c4 c6 6. Nc3 Ne7 7. Be2 O-O 8. O-O
Be6 9. Ng5 Nd7 10. Nxe6 fxe6 11. c5 Bc7 12. Bg5 h6 13. Bg4 hxg5 14. Bxe6+ Rf7
15. Qg4 Nf8 16. Bxf7+ Kxf7 17. Rfe1 Ng8 18. h4 gxh4 19. Re3 Nf6 20. Qxh4 Ng6
21. Qh3 Qc8 22. Qxc8 Rxc8 23. Ne2 Re8 24. Rxe8 Kxe8 25. g3 Ne4 26. Kg2 a5 27.
f3 Nd2 28. b3 a4 29. bxa4 Kd7 30. Rd1 Nc4 31. Kf2 b6 32. cxb6 Bxb6 33. f4 Bc7
34. Rh1 Ke6 35. Kf3 Kf7 36. f5 Ne7 37. g4 Nc8 38. Rh8 N8b6 39. g5 Bd6 40. a5
Nxa5 41. Nf4 Bxf4 42. Kxf4 g6 43. Rh7+ Kg8 44. fxg6 Nac4 45. Rc7 Na4 46. Kf5
Nd6+ 47. Ke5 Ne4 48. Rxc6 Kg7 49. Kxd5 Nec3+ 50. Ke5 Nxa2 51. Kf5 N4c3 52. Rc5
Kf8 53. d5 Kg8 54. d6 Kf8 55. Rc8+ Kg7 56. d7 Nb4 57. Rg8+ Kxg8 58. d8=Q+ Kg7
59. Qe7+ Kg8 60. Qf7+ Kh8 61. Qh7# 1-0

[Event "XXVI Weekend Magistrale"]
[Site "Robecchetto con Induno ITA"]
[Date "2015.07.24"]
[Round "1"]
[White "Cesarano, Marco"]
[Black "D'Avino, Gianfranco"]
[WhiteElo "1950"]
[BlackElo "2102"]
[Result "0-1"]
[PlyCount "100"]
[EventDate "2015.07.24"]

1. d4 Nf6 2. Nf3 e6 3. e3 c5 4. Bd3 Be7 5. O-O d5 6. c3 O-O 7. Nbd2 Nbd7 8. Re1
b6 9. e4 dxe4 10. Nxe4 Bb7 11. Qe2 cxd4 12. Nxd4 Ne5 13. Bc2 Qc8 14. Bg5 Ng6
15. Nxf6+ Bxf6 16. Bxf6 gxf6 17. h4 f5 18. g3 Qd8 19. h5 Ne7 20. Bb3 Nc8 21.
Qe3 Qf6 22. Rad1 Kh8 23. Qf4 Re8 24. Nxf5 Bc6 25. Qc7 Qxf5 26. Qxc6 Ne7 27. Qh1
Rad8 28. Qh4 Rxd1 29. Rxd1 Nc6 30. Ba4 Ne5 31. Kf1 Ng4 32. Rd2 Rg8 33. Bc6 f6
34. Kg2 Rg5 35. Bf3 e5 36. h6 Kg8 37. Rd8+ Kf7 38. Ra8 e4 39. Rxa7+ Ke6 40.
Bxg4 Rxg4 41. Qh2 Qf3+ 42. Kg1 Qd1+ 43. Kg2 Qf3+ 44. Kg1 e3 45. Kf1 Qd1+ 46.
Kg2 e2 47. Qh5 e1=Q 48. Qf7+ Kf5 49. Qh5+ Rg5 50. Qh3+ Qg4 0-1